Haikyu Quiz Trivia #3 (Hard Gaunlet) - Statistics

General Stats
  • This quiz has been taken 47 times
  • The average score is 9 of 15
Answer Stats
Hint Answer % Correct
Hard: What is the jersey number of Chikara Ennoshita? 6
92%
General Question: How many positions are there in volleyball? 7
84%
Hard: In nationals, is Hinata taller or Hoshiumi taller? Korai Hoshiumi
84%
Hard: Who played along with Hinata and Kageyama at the 3 on 3 game that determines if they get to join Karasuno's volleyball club? Ryunosuke Tanaka
81%
Hard: When Yamaguchi is first subbed onto the court, how many points does he score? Zero
78%
Hard: What prefecture is Date Tech High from? Miyagi Prefecture
70%
Super Hard: What was the name of Shoyo Hinata's little sister? Natsu Hinata
68%
Hard: Before joining Karasuno High School, Kageyama wanted to attend another high school and gave an entrance exam for the same. What was the name of that school? Shiratorizawa Academy
68%
Hard: When speaking with Ushijima, what material does Hinata compare Karasuno to? Concrete
65%
Super Hard: What country does Toru Oikawa play for after Spring Tournament? Argentina
62%
Hard: What is the name of the opening song of Haikyu season 2? Fly High
54%
Hard: What are Karasuno's nicknames at the beginning of the series? Flightless Crows / Fallen Rivals
38%
Hard: What was Hinata's original/first position in volleyball? Outside Hitter / Left-Wing Spiker
38%
Impossible: Who is Hinata's roommate in Brazil? Pedro
27%
Super Hard: Who does Karasuno beat for their first official match win of the series? Tokonami
19%
No matching quizzes found
Score Distribution
Percent of People with Each Score
Percentile by Number Answered
Your Score History
You have not taken this quiz